000 00735nam a2200229 a 4500
001 13710
003 BD-JhCC
005 20240318101958.0
008 240318b 2024b |||| ||a| 000 0 b d
020 _a9789845028769
035 _a(BD-JhCC)13710
040 _aBD-JhCC
_dBD-JhCC
041 _aben
082 _a891.443
_bSAG 2024
100 _a সাগর, ফরিদুর রেজা
245 _aরহিম সাহেবের হাত ও আরেক পৃথিবী /
_bফরিদুর রেজা সাগর
260 _aঢাকা:
_bঅন্যপ্রকাশ;
_c2024.
300 _a63 পৃষ্ঠা . :
_c22 সেমি.
650 _aBengali Novel
942 _2ddc
_cBK
999 _c13710
_d13710